Kto nie je na webe, akoby nebol...
Štatistika návštevnosti ako marketingový nástroj, ktorý je špecifický pre prostredie internetu. Určenie populárnosti a významnosti webovej stránky pre návštevníka. Ako sa sleduje návštevnosť. Lokalizácia návštevníka. Sociodemografické štatistiky. Sledovanie premeny bežného návštevníka na firemného z...
Uložené v:
| Hlavný autor: | |
|---|---|
| Médium: | Kapitola |
| Jazyk: | Slovak |
| Predmet: | |
| Tagy: |
Žiadne tagy, Buďte prvý, kto otaguje tento záznam!
|
MARC
| LEADER | 00000naa$a2200000$$$4500 | ||
|---|---|---|---|
| 001 | 0050434 | ||
| 005 | 20240502071559.8 | ||
| 041 | 0 | |a slo | |
| 044 | |a SK | ||
| 245 | 1 | 0 | |a Kto nie je na webe, akoby nebol... |c Andrej Miklošík |
| 520 | |a Štatistika návštevnosti ako marketingový nástroj, ktorý je špecifický pre prostredie internetu. Určenie populárnosti a významnosti webovej stránky pre návštevníka. Ako sa sleduje návštevnosť. Lokalizácia návštevníka. Sociodemografické štatistiky. Sledovanie premeny bežného návštevníka na firemného zákazníka - analýza konverzie. Ankety na sledovanie spokojnosti zákazníka. | ||
| 610 | 2 | 0 | |a internet |
| 610 | 2 | 0 | |a technológie informačné |
| 610 | 2 | 0 | |a technológie komunikačné |
| 610 | 2 | 0 | |a prezentácia firemná |
| 610 | 2 | 0 | |a nástroje marketingové |
| 610 | 2 | 0 | |a zákazníci |
| 610 | 2 | 0 | |a štatistika |
| 610 | 2 | 0 | |a analýzy |
| 100 | 1 | |a Miklošík, Andrej | |